• 首页
  • 本馆介绍
  • 公告通知
  • 最新文献
  • 馆藏检索
  • 电子资源
  • 读者导购
  • 参考咨询
  • 我的图书馆
  • 登录
  • 详细信息显示
  • 放入我的书架
  • 预约/预借图书
  • 作者相关作品
  • 分类相关作品
  • 丛书相关作品
  • 出版社相关作品

书目信息

  • 表格格式
  • 工作单格式
  • 卡片格式
题名:
工业机器人操作与编程
    
 
作者: 邢美峰 主编
分册:  
出版信息: 北京   电子工业出版社  2016.2
页数: 12,195页
开本: 26cm
丛书名:
单 册:
中图分类: TP242.2
科图分类:
主题词: 工业机器人--操作--高等学校--教材 , 工业机器人--程序设计--高等学校--教材
电子资源:
ISBN: 978-7-121-28191-4
000 01180nam0 2200253 450
001 0400002893
005 20171021153858.0
010    @a978-7-121-28191-4@dCNY32.00
100    @a20171021e20172016em y0chiy ea
101 0  @achi
102    @aCN@b110000
105    @aa z 000yy
106    @ar
200 1  @a工业机器人操作与编程@9gong ye ji qi ren cao zuo yu bian cheng@f主编邢美峰
210    @a北京@c电子工业出版社@d2016.2@h2017.2
215    @a12,195页@c图@d26cm
300    @a机械职业教育教学指导委员会推荐教材 全国高等职业教育“十二五”规划教材 全国工业机器人技能培养系列精品教材
330    @a本书采用基于工作任务导向的教学方法,介绍工业机器人的基本操作、在线示教、离线编程等内容。全书通过6个工业机器人应用典型案例——机器人搬运、涂胶、喷漆、数控机床上下料、码垛、喷釉,使读者学习和掌握工业机器人应用的方法与技巧;同时利用CAD软件的仿真功能,使读者能体会到高度仿真的真实工作任务与工作场景,从而全面掌握工业机器人应用的安装、配置与调试方法。
606 0  @a工业机器人@x操作@x高等学校@j教材
606 0  @a工业机器人@x程序设计@x高等学校@j教材
690    @aTP242.2@v5
701  0 @a邢美峰@9xing mei feng@4主编
801  0 @aCN@b91MARC@c20171021
905    @b1032900-4@dTP242.2@f5@e214
    
    工业机器人操作与编程/主编邢美峰.-北京:电子工业出版社,2016.2(2017.2)
    12,195页:图;26cm
    机械职业教育教学指导委员会推荐教材 全国高等职业教育“十二五”规划教材 全国工业机器人技能培养系列精品教材
    
    ISBN 978-7-121-28191-4:CNY32.00
    本书采用基于工作任务导向的教学方法,介绍工业机器人的基本操作、在线示教、离线编程等内容。全书通过6个工业机器人应用典型案例——机器人搬运、涂胶、喷漆、数控机床上下料、码垛、喷釉,使读者学习和掌握工业机器人应用的方法与技巧;同时利用CAD软件的仿真功能,使读者能体会到高度仿真的真实工作任务与工作场景,从而全面掌握工业机器人应用的安装、配置与调试方法。
●
相关链接 在E读中查询图书 在五车中查询图书 在当当中查询图书 在豆瓣中查询图书


正题名:工业机器人操作与编程     索取号:TP242.2/214         预约/预借

序号 登录号 条形码 馆藏地/架位号 状态 备注
1 1032900   210329009   第二样本阅览室/ [索取号:TP242.2/214] 在馆    
2 1032901   210329018   密集书库—计算机科学学院/ [索取号:TP242.2/214] 在馆    
3 1032902   210329027   第三借阅区/ [索取号:TP242.2/214] 在馆    
4 1032903   210329036   第三借阅区/ [索取号:TP242.2/214] 在馆    
5 1032904   210329045   第三借阅区/ [索取号:TP242.2/214] 在馆    
唐山师范学院图书馆 欢迎您!
大连网信软件有限公司© 版权所有